[Event "VII Sunway Sitges Open 2020"]
[Site "Sitges"]
[Date "2020.12.23"]
[Round "10.26"]
[White "Degardin, Sylvain"]
[Black "Yu, Jennifer"]
[Result "1/2-1/2"]
[WhiteElo "2209"]
[BlackElo "2315"]
[Annotator "TA"]
[PlyCount "60"]
[EventDate "2020.12.13"]
[EventType "swiss"]
[EventCountry "ESP"]
[SourceTitle "playchess.com"]
[Source "ChessBase"]
[SourceQuality "1"]

{[%evp 18,60,15,15,52,48,43,0,0,0,6,0,0,0,11,0,33,24,31,0,40,-6,14,7,0,7,0,7,33,0,0,0,0,0,0,0,0,0,0,0,0,0,0,0,0]} 1. e4 e5 2. Nf3 Nc6 3. Bb5 a6 4. Ba4 Nf6 5. O-O b5 6. Bb3 Bb7 7. d3 Be7 8. Nc3 O-O 9. a3 d6 10. Re1 {10.Ne2 deserves study.} Nd4 {C84: Closed Ruy Lopez: Unusual White 6th moves.} 11. Nxd4 exd4 12. Nd5 Nxd5 13. exd5 Qd7 14. Qf3 Bf6 15. Bd2 Rfe8 {[#]} 16. h3 $146 ({Predecessor:} 16. a4 Rxe1+ 17. Bxe1 Re8 18. axb5 axb5 19. Bd2 Ra8 20. Rxa8+ Bxa8 21. Qe2 h6 22. h3 {½-½ (36) Smirnov,P (2576)-Tutisani,N (2469) Batumi 2018}) 16... Be5 17. Re2 Re7 18. Rae1 Rae8 19. g4 (19. Bg5 $5 {[%cal Rg5e7]}) 19... c5 20. dxc6 Bxc6 21. Bd5 Bxd5 22. Qxd5 h5 (22... h6 {with more complications.} 23. Kg2 g5 24. Bb4 Kg7 25. c3 dxc3 26. bxc3 Qd8) 23. f4 (23. Qg2 {is more complex.} hxg4 24. hxg4 Bf6 25. Rxe7 Rxe7 26. Kf1) 23... Bxf4 {The position is equal.} 24. Rxe7 Rxe7 25. Rxe7 Qxe7 26. Bxf4 Qe1+ 27. Kg2 Qe2+ {[%mdl 64] [#] Double Attack} 28. Kg1 Qe1+ $1 29. Kg2 Qe2+ {[%mdl 64] Double Attack} 30. Kg1 {Qa8+ is the strong threat.} Qe1+ $1 {Weighted Error Value: White=0.10/Black=0.09} 1/2-1/2

[Event "VII Sunway Sitges Open 2020"]
[Site "Sitges"]
[Date "2020.12.23"]
[Round "10.27"]
[White "Eden, James"]
[Black "Csiki, Endre"]
[Result "0-1"]
[WhiteElo "2323"]
[BlackElo "2231"]
[Annotator "TA"]
[PlyCount "74"]
[EventDate "2020.12.13"]
[EventType "swiss"]
[EventCountry "ESP"]
[SourceTitle "playchess.com"]
[Source "ChessBase"]
[SourceQuality "1"]

{[%evp 10,74,50,30,33,21,37,12,18,8,17,4,0,-1,-9,-56,-76,-113,-116,-113,-108,-111,-63,-96,-100,-99,-103,-91,-90,-96,-64,-70,0,-20,-25,-12,-2,-5,-6,-198,-198,-191,-191,-191,-191,-230,-237,-339,-339,-339,-339,-339,-339,-546,-544,-835,-853,-794,-786,-772,-701,-589,-341,-853,-853,-4627,-4627]} 1. e4 e5 2. Nf3 Nc6 3. Bc4 Nf6 4. d3 h6 5. O-O d6 6. c3 g5 $1 {[%mdl 4] outshines the older 6...g6. C55: Two Knights: 4 d3, 4 d4 exd4 5 e5 and Max Lange Attack.} 7. Re1 Bg7 8. Na3 O-O {The position is equal.} 9. Bb3 d5 10. exd5 Nxd5 {[#]} 11. Nb5 $146 ({Predecessor:} 11. Nc4 Re8 12. Ba4 Nb6 13. Bxc6 bxc6 14. Ncxe5 c5 15. h3 Qd5 16. d4 cxd4 17. cxd4 {½-½ (53) Souleidis,G (2401)-Hector,J (2479) Germany 2018}) 11... Be6 12. d4 {[#] Threatens to win with c4.} a6 13. c4 axb5 14. cxd5 Bxd5 {aiming for ...e4.} 15. dxe5 Be6 16. Be3 Qxd1 17. Raxd1 Bxb3 ({Much worse is} 17... Nxe5 18. Nxe5 Bxe5 19. Bxg5 $11) 18. axb3 Rfd8 ({But not} 18... Nxe5 $6 19. Nxe5 Bxe5 20. Bxg5 $11) 19. h4 g4 20. Nd4 Nxe5 (20... Nxd4 $15 21. Rxd4 h5) 21. Nxb5 Nd3 $36 {[%mdl 2048] White is under pressure.} 22. Re2 {White wants to play Red2.} Nxb2 23. Rxd8+ Rxd8 24. Nxc7 $2 {This costs White the game.} (24. Rd2 $1 $11 {and White stays safe.} Rxd2 25. Bxd2) 24... Rd1+ $19 25. Kh2 Be5+ 26. g3 Nd3 27. Nd5 {[#]} Ne1 $1 {[%cal Re1f3]} 28. Rxe1 (28. Ne7+ {is a better defense.} Kh7 29. f4 gxf3 30. Rf2) 28... Rxe1 29. Bxh6 {[%mdl 4096] Endgame KRB-KBN} Bd4 30. Kg2 Rb1 31. Be3 $2 (31. Bf4) 31... Bxe3 32. Nxe3 Rxb3 33. Nxg4 {KR-KN} b5 {[%cal Bb7b5,Bb5b4,Bb4b3,Bb3b2][%mdl 32]} 34. Kf1 b4 35. Ke2 Rc3 36. Ne5 $2 (36. Nf6+ Kg7 37. Ne4) 36... b3 {( -> ...b2)} 37. Nd3 b2 {Weighted Error Value: White=0.76/Black=0.13} 0-1

[Event "VII Sunway Sitges Open 2020"]
[Site "Sitges"]
[Date "2020.12.23"]
[Round "10.28"]
[White "Papadiamandis, Elliot"]
[Black "Toncheva, Nadya"]
[Result "1-0"]
[WhiteElo "2134"]
[BlackElo "2321"]
[Annotator "TA"]
[PlyCount "245"]
[EventDate "2020.12.13"]
[EventType "swiss"]
[EventCountry "ESP"]
[SourceTitle "playchess.com"]
[Source "ChessBase"]
[SourceQuality "1"]

{[%evp 21,245,48,62,35,108,102,102,75,85,72,75,67,109,99,119,113,114,72,60,12,7,0,0,0,0,0,0,0,0,0,0,0,16,0,0,0,0,-10,-16,-45,-45,-35,0,0,37,-14,38,0,0,0,0,0,0,0,0,0,178,156,156,158,530,56,44,15,13,13,13,24,38,38,39,46,202,202,202,194,215,215,215,215,483,481,449,401,829,779,1189,1189,1189,1189,1171,1172,1187,1052,29946,5404,29943,12850,29976,29954,29951,29952,29978,29979,29979,29979,29978,29961,29962,29964,29965,29966,29966,29967,29968,29969,29978,29966,29970,29971,29978,29954,29954,29955,29955,29956,29956,29952,29991,29975,29975,29976,29976,29977,29977,29977,29977,29978,29978,29978,29978,29978,29980,29981,29981,29981,29982,29983,29983,29983,29984,29982,29982,29979,29979,29971,29971,29979,29979,29978,29979,29978,29980,29979,29981,29980,29982,29971,29983,29984,29987,29986,29988,29987,29989,29988,29988,29964,29967,0,29970,29974,29974,29975,29974,29976,29979,29968,29970,29967,29978,29979,29980,29979,29981,29980,29982,29972,29982,29984,29984,29985,29985,29986,29989,29990,29990,29990,29991,29990,29991,29992,29992,29992,29993,29994,29994,29995,29995,29996,29996,29995,29997,29996,29996,29997]} 1. e4 c5 2. Nf3 Nc6 3. d4 cxd4 4. Nxd4 g6 5. c4 Bg7 6. Be3 Nf6 7. Nc3 O-O 8. Be2 d6 9. O-O Bd7 10. Nc2 Rc8 {10...Qa5 is the hot move.} 11. f3 Ne5 12. Na3 {B38: Sicilian: Maroczy Bind with 5...Bg7 and 7...0-0.} a5 ({Better is} 12... Be6 $14) 13. Rc1 Bc6 {[#]} 14. Nd5 $146 {White is better.} ({Predecessor:} 14. Qd2 Ned7 15. Rfd1 b6 16. Qe1 Qc7 17. Nd5 Bxd5 18. cxd5 Nc5 19. Nb5 Qb7 20. Bf1 {0-1 (44) Fernandez,J-Remoli Sargues,L (1894) Linares 2007}) 14... Bxd5 15. cxd5 Rxc1 16. Qxc1 Ned7 17. Qc2 Qa8 18. Rc1 Nc5 19. Bxc5 Rc8 {[%mdl 64] Pin} 20. Qa4 {Hoping for Be3.} Bh6 21. Rc3 Rxc5 22. Rxc5 Be3+ 23. Kf1 Bxc5 24. Nc4 Qf8 {Threatens to win with ...Qh6.} 25. g3 $1 (25. Qxa5 $2 Qh6 $19) 25... b6 (25... Qh6 $5 26. Kg2 $8 Qc1 $11) 26. Kg2 h5 27. h4 Qh6 {And now ...b5! would win.} 28. Qc2 Nd7 29. a3 a4 30. f4 (30. Qxa4 b5 $17) 30... Qg7 31. Qd2 $1 ({But not} 31. Qxa4 $2 b5 $19) 31... Bd4 32. Qb4 Nc5 33. Qxb6 ({White should try} 33. Nxb6 $14 Qf6 34. Nxa4 Nxa4 35. Qxa4) 33... Kh7 (33... Nxe4 $11 34. Qb8+ Qf8) 34. Qc7 (34. e5 $5) 34... Qf6 35. e5 Qf5 {( -> ...Qc2!)} 36. Qxe7 Qe4+ 37. Bf3 Qc2+ 38. Kh3 Qf5+ (38... Bg1 $11 39. Qxf7+ Kh6) 39. Kh2 $18 dxe5 40. Nd6 Qd7 (40... Qc2+ $16 {is a better chance.} 41. Kh3 exf4) 41. Qxd7 $2 ({White must play} 41. Qf8 $18 exf4 42. Nxf7 fxg3+ 43. Kg2) 41... Nxd7 $14 42. fxe5 Nxe5 $18 {[%mdl 4096] Endgame KBN-KBN} 43. Bd1 Bxb2 44. Nb5 Nc4 45. Bxa4 Nxa3 46. Nd6 {Strongly threatening Nb7.} Kg7 $2 {[#] White leaves nothing to chance now.} (46... Bc3 $14) 47. Nb7 $1 Bf6 {If only Black now had time for ...g5....} 48. d6 g5 49. Kh3 gxh4 50. gxh4 Kf8 $2 (50... Nc4 {was necessary.} 51. d7 Nb6) 51. d7 Nc4 52. Bd1 Ne3 (52... Ne5 $142 53. d8=Q+ (53. Bxh5 Nxd7 54. Be2 Bxh4 $11) 53... Bxd8 54. Nxd8 f5) 53. Bxh5 Nf5 54. d8=Q+ Bxd8 55. Nxd8 Nh6 56. Kg3 Ke7 57. Nc6+ Kd6 {[#]} 58. Bf3 (58. Kf4 $142 $1 f6 (58... Ng8 59. Bxf7) 59. Bf3 Ke6 60. h5 Kd6 61. Nd4 Kc5 62. Nf5 Nf7 63. Ne3) 58... Ke6 59. Kf4 f6 60. h5 Kd6 61. Nd4 Ke7 62. Bd5 Kf8 63. Be6 Kg7 64. Ke4 Kf8 65. Kd5 Ke7 66. Nc6+ Ke8 67. Kd6 Kf8 68. Nd4 Ke8 69. Bd7+ Kf7 70. Bf5 Kf8 71. Ke6 Kg7 72. Bb1 Ng8 73. Nf5+ Kh7 74. Bc2 Kh8 75. Kf7 Kh7 76. Ne7+ Kh6 77. Nxg8+ Kxh5 78. Nxf6+ Kg5 79. Ke6 Kf4 80. Bf5 Ke3 81. Ke5 Kd2 82. Kd4 Kc1 83. Kc3 Kd1 84. Bd3 Ke1 85. Ne4 Kd1 86. Bc4 Kc1 87. Nf2 Kb1 88. Nd3 Ka1 89. Be6 Kb1 90. Bf5 Ka1 91. Ne1 Ka2 92. Nc2 Kb1 93. Be6 Kc1 94. Ba2 Kd1 95. Nd4 Kc1 96. Ne2+ Kd1 97. Kd3 Ke1 98. Bb3 Kf2 99. Kd2 Kf3 100. Kd3 $2 (100. Bc2 {mates} Kg4 101. Ke3 Kg5 102. Nf4 Kh6 103. Kd4 Kg7 104. Ke5 Kh8 105. Kf6) 100... Kg4 $2 {[%mdl 8192]} (100... Kf2 $11 101. Bd5 Kf1 102. Ke3 Ke1 103. Bb3 Kf1 104. Nf4 Ke1 105. Ng2+ Kf1) 101. Ke4 {White mates.} Kg5 102. Ke5 Kg6 103. Be6 Kg5 104. Nd4 Kg6 105. Nf5 Kh7 106. Kf6 Kh8 107. Ne7 Kh7 108. Ng6 Kh6 109. Bg8 Kh5 110. Ne5 Kh4 111. Kf5 Kg3 112. Ng4 Kh4 113. Kf4 Kh5 114. Bf7+ Kh4 115. Bg6 Kh3 116. Ne3 Kh4 117. Ng2+ Kh3 118. Kf3 Kh2 119. Nf4 Kg1 120. Bd3 Kh2 121. Kf2 Kh1 122. Bf1 Kh2 123. Nd3 {Weighted Error Value: White=0.23/Black=0.91} 1-0

[Event "VII Sunway Sitges Open 2020"]
[Site "Sitges"]
[Date "2020.12.23"]
[Round "10.29"]
[White "Silva, Pedro Gil Ferreira D"]
[Black "Siebrecht, Sebastian"]
[Result "1-0"]
[WhiteElo "2056"]
[BlackElo "2429"]
[Annotator "TA"]
[PlyCount "61"]
[EventDate "2020.12.13"]
[EventType "swiss"]
[EventCountry "ESP"]
[SourceTitle "playchess.com"]
[Source "ChessBase"]
[SourceQuality "1"]

{[%evp 14,61,23,13,28,4,0,20,12,10,12,12,1,-21,-4,-12,0,-3,0,0,0,0,0,-5,0,0,18,8,115,113,120,125,131,125,272,267,256,285,334,332,388,406,944,590,608,608,29992,29993,29993,29994]} 1. e4 c5 2. Nf3 e6 3. d4 cxd4 4. Nxd4 a6 5. Nc3 Qc7 6. g3 Nf6 7. Bg2 Nc6 8. O-O h5 {8...Nxd4 is setting a new trend. B47: Sicilian: Taimanov: 5 Nc3 Qc7 6 f4, 6 g3 and 6 Be2.} 9. Re1 Nxd4 10. Qxd4 {Bf4 is the strong threat.} Bc5 {The position is equal.} 11. Qd3 Ng4 12. Nd1 h4 {[#]} 13. Qf3 $146 ({Predecessor:} 13. Qc3 f6 14. Ne3 Ne5 15. Bd2 a5 16. Rad1 b5 17. a3 b4 18. axb4 axb4 19. Qb3 hxg3 20. hxg3 {0-1 (33) Lu,S (2556)-Wang,C (2513) China 2014}) 13... Ne5 {[%cal Re5f3]} 14. Qc3 hxg3 15. hxg3 Bb6 16. Qxc7 Bxc7 17. a4 d6 18. b3 Ke7 19. Ne3 Bb6 20. Ba3 {White wants to play Rad1.} Bd7 (20... g5 $1 $11) 21. Rad1 $16 Bc5 22. Bxc5 dxc5 23. f4 Ng6 {[#] A mistake that costs the game.} (23... Nc6 $16) 24. Nf5+ $1 $18 {[%mdl 576] Double Attack} Kd8 (24... Ke8 25. Nd6+) 25. Nd6 {[%mdl 64] Double Attack} ({Stronger than} 25. Nxg7 Kc7 $11) 25... Kc7 26. e5 ({Much less strong is} 26. Nxf7 Rhf8 $18) 26... Raf8 27. Nxb7 c4 (27... Bc8 $142 28. Nxc5 Rd8) 28. Nc5 Bc8 29. Rd6 cxb3 30. Rc6+ Kb8 31. Rb1 {Weighted Error Value: White=0.20/Black=0.48} 1-0

[Event "VII Sunway Sitges Open 2020"]
[Site "Sitges"]
[Date "2020.12.23"]
[Round "10.30"]
[White "Cano Sevilla, Ivan"]
[Black "Le Pen, Steven"]
[Result "1/2-1/2"]
[WhiteElo "2026"]
[BlackElo "2141"]
[Annotator "TA"]
[PlyCount "39"]
[EventDate "2020.12.13"]
[EventType "swiss"]
[EventCountry "ESP"]
[SourceTitle "playchess.com"]
[Source "ChessBase"]
[SourceQuality "1"]

{[%evp 9,39,0,24,0,0,0,20,-1,-3,0,0,0,0,-13,0,0,8,9,16,19,18,21,10,10,19,0,0,0,0,0,0,0]} 1. d4 Nf6 2. Bf4 g6 3. Nc3 d5 4. e3 Bg7 5. Be2 c6 6. h4 {A45: Trompowsky Attack.} h5 {The position is equal.} 7. Nf3 Bg4 8. Ng5 Bxe2 9. Qxe2 {[#]} Nbd7 $146 ({Predecessor:} 9... O-O 10. O-O-O b5 11. e4 b4 12. Nb1 dxe4 13. Nxe4 Nbd7 14. Nbd2 Nd5 15. Bh2 Qb6 {0-1 (48) Sethuraman,S (2647)-Thybo,J (2352) Hastings 2016}) 10. e4 dxe4 11. Ngxe4 Nxe4 12. Nxe4 Qa5+ 13. c3 O-O 14. O-O Qf5 15. Bg5 Rfe8 16. Rfe1 Nf6 17. Rad1 Nxe4 18. Qxe4 Qxe4 19. Rxe4 e6 20. Rde1 {A rather calm draw.  Weighted Error Value: White=0.09/Black=0.04} 1/2-1/2

[Event "VII Sunway Sitges Open 2020"]
[Site "Sitges"]
[Date "2020.12.23"]
[Round "10.31"]
[White "Roque, Gaetan"]
[Black "Follana Albelda, Lucia"]
[Result "1-0"]
[WhiteElo "2132"]
[BlackElo "1884"]
[Annotator "TA"]
[PlyCount "92"]
[EventDate "2020.12.13"]
[EventType "swiss"]
[EventCountry "ESP"]
[SourceTitle "playchess.com"]
[Source "ChessBase"]
[SourceQuality "1"]

{[%evp 27,92,-4,-3,-12,-12,-12,-12,-18,-12,-15,0,0,10,10,9,-17,0,-45,-9,-28,0,0,0,0,0,0,0,0,0,0,4,0,0,0,0,0,0,-37,-35,-181,-164,-233,-221,-307,-279,-321,-288,-278,-293,-307,-296,-363,-345,-577,-643,-934,-925,-941,-797,-829,-819,-813,-813,-806,-791,-691,-685]} 1. d4 g6 2. c4 Bg7 3. Nf3 Nf6 4. Nc3 O-O 5. e4 d6 6. Be2 e5 7. dxe5 dxe5 8. Qxd8 Rxd8 9. Bg5 Re8 10. Nd5 Nxd5 11. cxd5 c6 12. Bc4 cxd5 13. Bxd5 Nd7 {[%cal Bb8d7,Bd7c5,Bc5e6,Be6f4][%mdl 32]} 14. Nd2 Nc5 15. Ke2 {E92: King's Indian: Classical: 6 Be2 e5: 7 dxe5, 7 Be3 and Petrosian System without 7...Nbd7.} Ne6 16. Be3 Nf4+ 17. Bxf4 {The position is equal.} exf4 18. Rac1 Re7 {[#]} 19. Rc2 $146 ({Predecessor:} 19. b3 Bg4+ 20. f3 Bd7 21. Nc4 Bb5 22. a4 Bxc4+ 23. Rxc4 Rd8 24. Rd1 Kf8 25. Rdc1 {1-0 (63) Skarba,S (2372)-Pohranc,R (2271) Slovakia 2003}) 19... Be6 (19... Bd7 {keeps more tension.} 20. Kf3 Rd8 21. Nc4 b6 22. Kxf4 Bf5) 20. Bxe6 Rxe6 21. Rc7 Ra6 22. a3 b5 23. Rb7 Rb6 24. Rxb6 axb6 $11 {[%mdl 4096] Endgame KRB-KRN} 25. Rb1 b4 26. axb4 Ra4 27. b3 Rxb4 28. Rc1 Bh6 29. f3 Bf8 30. Rc8 Kg7 31. Kd3 Rb5 32. Kc3 Rg5 33. Nc4 {This move loses the game for White.} (33. Rc7 $1 $15) 33... b5 $19 {[%cal Bb6b5,Bb5b4][%mdl 32]} 34. Nb6 (34. h4 $142 Rxg2 35. Ne5) 34... Rxg2 35. Nd7 Be7 36. Rb8 b4+ ({Don't do} 36... Rxh2 37. Rb7 $19) 37. Kc4 Rc2+ 38. Kb5 Rc3 39. Re8 Bh4 ({Worse is} 39... Rxf3 40. Rxe7 Rxb3 41. Kc4 $11) 40. Kxb4 $2 {[#]} (40. Ne5 Bf6 41. Kxb4 Bxe5 42. Rxe5 Rxf3 43. Ra5) 40... Rxf3 {Black is clearly winning.} 41. Ne5 Re3 42. Nc4 Rd3 {aiming for ...f3.} 43. Nb2 Be1+ 44. Kc4 Rc3+ 45. Kd4 Rxb3 46. Nd3 {[#]} f3 $1 {[%mdl 32768] Weighted Error Value: White=0.38/Black=0.11. Loss on time!?} 1-0

[Event "VII Sunway Sitges Open 2020"]
[Site "Sitges"]
[Date "2020.12.23"]
[Round "10.32"]
[White "Pozanco Romasanta, Marc"]
[Black "Donate Moreno, Silvia"]
[Result "1-0"]
[WhiteElo "2116"]
[BlackElo "1957"]
[Annotator "TA"]
[PlyCount "171"]
[EventDate "2020.12.13"]
[EventType "swiss"]
[EventCountry "ESP"]
[SourceTitle "playchess.com"]
[Source "ChessBase"]
[SourceQuality "1"]

{[%evp 19,170,45,66,41,63,79,83,-16,154,131,152,138,134,141,147,143,143,118,119,125,122,103,103,102,135,110,114,102,102,101,102,97,100,93,104,102,102,82,102,94,113,81,134,60,72,55,56,37,37,37,37,37,37,0,0,0,37,37,41,39,113,104,111,72,128,121,377,379,389,379,362,359,409,347,505,506,475,480,486,493,494,487,454,436,273,70,85,0,851,837,779,728,1352,1365,1163,1119,6033,4451,2222,2173,29987,29988,29989,12843,12843,12843,12844,12844,12844,12844,12845,12839,12839,12839,12836,12841,12841,12842,12841,1304,12845,12845,12848,12848,12849,12848,12849,12849,12850,27999,27999,27999,27999,27999,27992,27992,27993,27993,27994,27994,27995,27994,27995,27995,27996,27996,27997,27997,27998,27998,27999,27999,29999]} 1. d4 Nf6 2. c4 g6 3. Nc3 Bg7 4. e4 d6 5. Be2 O-O 6. Bg5 Na6 7. Qd2 e5 8. d5 Nc5 9. f3 a5 10. h4 c6 11. h5 {E73: King's Indian: Averbakh Variation without 6...c5.} cxd5 12. Nxd5 {[#]} Ne6 $146 ({Predecessor:} 12... Be6 13. h6 Bh8 14. Nh3 Bxd5 15. cxd5 Qb6 16. Be3 Nfd7 17. Rc1 Qb4 18. O-O Qxd2 19. Bxd2 {1-0 (32) Garcia Rosales,J (1848)-Moore,G (2145) ICCF email 2013}) 13. Bh6 ({White should play} 13. h6 $16 Bh8 14. Bh4) 13... Nf4 $2 ({Black should try} 13... Nxh5 $11 14. O-O-O Nef4 15. Bxg7 Kxg7) 14. Bxg7 $16 Kxg7 15. h6+ Kg8 16. Nxf4 exf4 17. Qxf4 Qe7 18. Rd1 Qe5 19. Qxe5 dxe5 20. g4 Be6 21. Nh3 Rfd8 22. Ng5 Nd7 23. Nxe6 fxe6 24. Kf2 Nc5 25. Ke3 Kf7 26. g5 Ke7 27. Rxd8 Rxd8 {[%mdl 4096] Endgame KRB-KRN} 28. Rd1 Rf8 29. b3 Rf4 30. Rh1 b6 (30... Kd6 $142) 31. Kd2 (31. a3 $16) 31... Nb7 32. Kc3 Nd8 33. b4 axb4+ 34. Kxb4 {aiming for Kb5.} Nc6+ 35. Kc3 Nd4 36. Rh2 Kd6 37. Kb4 Kc6 38. Bd1 Kc7 39. c5 Rf8 (39... b5 $1 $14) 40. cxb6+ Kxb6 41. a4 Nc6+ (41... Rc8 $142) 42. Kc3 Nd8 $2 {[%mdl 8192]} (42... Rd8 $16) 43. Rb2+ $18 Ka7 44. Rb5 Nf7 45. Rc5 Kb7 46. Be2 Re8 (46... Nxg5 {was worth a try.} 47. Rxe5 Nxf3 48. Rxe6 Ng5) 47. a5 Re7 48. Kb4 Nxg5 49. Rxe5 Nf7 50. Rb5+ Ka7 51. Bc4 Nxh6 {If Black can now play ...Nf7 this consolidates a bit.} 52. Re5 $2 (52. Rb6 $18 Nf7 53. f4 (53. Rxe6 Rxe6 54. Bxe6 Ng5 $14)) 52... Nf7 $1 $14 {[%cal Rf7e5] [#]} 53. Rxe6 (53. Rc5 $1 $16) 53... Rc7 $2 {[%mdl 8192] Black is on the road to losing.} (53... Rxe6 $11 54. Bxe6 Ng5) 54. Ra6+ $18 Kb7 55. Kb5 Ne5 56. Bd5+ Kc8 57. f4 Nd3 58. Bc6 {[%cal Ra6a8] [#]} Kd8 59. Ra8+ Rc8 60. Rxc8+ Kxc8 {KB-KN} 61. f5 (61. a6 $142 Nxf4 62. a7 Kd8 63. a8=Q+ Ke7 64. Qe8+ Kf6 65. Qd8+ Ke5 66. Qc7+ Kd4 67. Qxf4) 61... Ne5 62. a6 {White wants to mate with a7.} Kb8 63. Kb6 {Threatening mate with a7+.} Nc4+ 64. Kc5 Ne5 65. Kd5 Ng4 66. Ke6 gxf5 67. Kxf5 Ne3+ 68. Kg5 Ka7 69. Bb5 (69. Bb7 $142 Nc4 70. Kf6) 69... Kb6 70. Bd3 Kc7 71. e5 h6+ 72. Kg6 Ng4 73. e6 Ne5+ 74. Kxh6 Nxd3 {KN-KPP. White mates.} 75. a7 Kb7 76. e7 Kxa7 77. e8=Q Nc5 78. Qb5 Nb7 79. Kg6 Kb8 80. Qb6 Kc8 81. Kf7 Nd8+ 82. Ke8 Nb7 83. Ke7 Kb8 84. Kd7 Ka8 85. Kc7 Nc5 86. Qb8# {Weighted Error Value: White=0.26/Black=0.46} 1-0